Random Geography! #3 - Statistics

General Stats
  • This quiz has been taken 66 times
  • The average score is 8 of 15
Answer Stats
Hint Answer % Correct
Most populous country in the Caribbean Cuba
93%
Australian rock also known as Ayers Rock Uluru
85%
Sea east of mainland Italy Adriatic Sea
81%
Tiny British exclave in southern Spain Gibraltar
81%
African country completely surrounded by Senegal Gambia
75%
High altitude lake shared by Peru and Bolivia Lake Titicaca
61%
Large lake on the border between Switzerland and France Lake Geneva
59%
Largest city in Tibet Lhasa
58%
The only body of water Sudan borders Red Sea
56%
Largest Brazilian city in the Amazon rainforest Manaus
47%
Thin desert on Namibia's coastline Namib Desert
44%
Second largest island in the Philippines Mindanao
24%
Major Bulgarian mountain range Balkan Mountains
15%
Major mountain range in eastern Australia Great Dividing Range
15%
Largest Korean island Jeju Island
14%
No matching quizzes found
Score Distribution
Percent of People with Each Score
Percentile by Number Answered
Your Score History
You have not taken this quiz